000 00470nam a2200181Ia 4500
001 2951
005 20260306144844.0
008 260306t2006||||xx |||||||||||||| ||spa||
041 _aESP
082 _a234.51
_bR474
100 _aRhonheimer, Martin
_eAUT
245 0 _aLey natural y razón práctica:
_buna visión tomista de la autonomía moral
260 _c2006
300 _a576 páginas :
_c24 cm.
650 _aGEN
654 _aCHU
942 _cLIB
_dJUS
_fJUS
_2ddc
_n
999 _c2951
_d2951